Pokémon - Les attaques de Flamajou - Statistiques

Statistiques générales
  • Ce quiz a été pris 14 fois
  • Le résultat moyen est 8 sur 16
Statistiques - réponses
Niveaux Types Noms des attaques % Correct
Départ Normal Griffe
91%
Niveau 7 Spectre Léchouille
91%
Niveau 13 Normal Combo-Griffe
82%
Niveau 4 Normal Groz'Yeux
73%
Niveau 43 Ténèbres Mâchouille
73%
Niveau 19 Ténèbres Morsure
73%
Niveau 10 Feu Calcination
55%
Niveau 22 Feu Rebondifeu
55%
Niveau 31 Vol Acrobatie
45%
Départ Normal Camaraderie
45%
Niveau 34 Feu Déflagration
45%
Niveau 28 Ténèbres Dégommage
45%
Niveau 25 Psy Amnésie
27%
Niveau 40 Normal Don Naturel
18%
Niveau 16 Normal Bâillement
0%
Niveau 37 Normal Recyclage
0%
Aucun quiz correspondant
Distribution des résultats
% des personnes avec chaque résultat
Percentile par nombre de réponses
Votre historique - résultats
Vous n’avez pas pris ce quiz